000 00666nab a2200205 a 4500
005 20210219155145.0
008 991125s1985 mx 000 0 spa u
035 _aUPN01000139343
100 1 _aPiña Osorio, Juan Manuel
222 0 _aPERFILES EDUCATIVOS
245 0 3 _aLa teoría de las representaciones sociales : su uso en la investigación educativa en México
260 _aMéxico
300 _a102-124
362 0 _a2004 3a época, vol. 26, nos. 105-106
653 0 _aREPRESENTACIONES SOCIALES
653 0 _aPENSAMIENTO DE SENTIDO COMUN
653 0 _aEDUCACION SUPERIOR
700 1 _aCuevas Cajiga, Yazmín Margarita,
_ecoaut.
905 _aArticulo
999 _c111491
_d111491